[Event "30. Torneo San Viator 2018"]
[Site "Madrid ESP"]
[Date "2018.04.08"]
[Round "1.1"]
[White "Ortega Ruiz, Jose Miguel"]
[Black "Matesanz Bonastre, Rafael"]
[Result "1-0"]
[WhiteElo "2303"]
[BlackElo "1856"]
[PlyCount "49"]
[EventDate "2018.04.08"]
[EventType "swiss"]
[EventRounds "9"]
[EventCountry "ESP"]
[SourceTitle "Ajedrez en Madrid"]
[Source "lmi"]
[SourceDate "2018.04.08"]

1. d4 e6 2. c4 f5 3. g3 Nf6 4. Bg2 Bb4+ 5. Nd2 O-O 6. a3 Bxd2+ 7. Bxd2 d6 8.
Nh3 a5 9. O-O e5 10. c5 e4 11. cxd6 cxd6 12. d5 Nbd7 13. Bc3 Nb6 14. Nf4 g5 15.
Ne6 Bxe6 16. dxe6 Nbd5 17. Qd2 Nxc3 18. Qxg5+ Kh8 19. bxc3 Nd5 20. Qd2 Nc7 21.
Rab1 Nxe6 22. Rxb7 Nc5 23. Qd4+ Qf6 24. Rb6 Ra6 25. Rfb1 1-0

[Event "30. Torneo San Viator 2018"]
[Site "Madrid ESP"]
[Date "2018.04.08"]
[Round "1.2"]
[White "Sotoca Aguado, Jose"]
[Black "Renteria, Jorge"]
[Result "0-1"]
[WhiteElo "1847"]
[BlackElo "2276"]
[PlyCount "108"]
[EventDate "2018.04.08"]
[EventType "swiss"]
[EventRounds "9"]
[EventCountry "ESP"]
[SourceTitle "Ajedrez en Madrid"]
[Source "lmi"]
[SourceDate "2018.04.08"]

1. e4 c5 2. Nf3 d6 3. d4 cxd4 4. Nxd4 Nf6 5. Nc3 a6 6. Be2 e5 7. Nb3 Be7 8. O-O
O-O 9. Kh1 b5 10. Be3 Bb7 11. f3 Nbd7 12. Qe1 b4 13. Nd5 Bxd5 14. exd5 Nxd5 15.
Bg1 Nf4 16. Bd1 a5 17. a4 bxa3 18. Rxa3 a4 19. Nc1 d5 20. Ra2 Qc7 21. Ne2 Nxe2
22. Qxe2 Bc5 23. Qd3 Bxg1 24. Rxg1 Nf6 25. Re1 Rfe8 26. c3 e4 27. fxe4 dxe4 28.
Qc2 Qf4 29. g3 Qf5 30. Qg2 Qb5 31. Qf2 h6 32. Kg1 e3 33. Rxe3 Rxe3 34. Qxe3 Re8
35. Bxa4 Qxa4 36. Rxa4 Rxe3 37. Kf2 Re7 38. Kf3 Rb7 39. b4 Rc7 40. Ra8+ Kh7 41.
Ra3 Nd5 42. b5 f5 43. Rb3 g5 44. c4 Nb6 45. Rd3 Nxc4 46. Rd5 Kg6 47. h4 Ra7 48.
h5+ Kxh5 49. Rxf5 Ra3+ 50. Kf2 Kg4 51. Rc5 Ra2+ 52. Ke1 Ne3 53. b6 Kf3 54. Rb5
Re2# 0-1

[Event "30. Torneo San Viator 2018"]
[Site "Madrid ESP"]
[Date "2018.04.08"]
[Round "1.3"]
[White "Longa Yauca, Javier"]
[Black "Cid Garcia, Ramon"]
[Result "1-0"]
[WhiteElo "2250"]
[BlackElo "1847"]
[PlyCount "73"]
[EventDate "2018.04.08"]
[EventType "swiss"]
[EventRounds "9"]
[EventCountry "ESP"]
[SourceTitle "Ajedrez en Madrid"]
[Source "lmi"]
[SourceDate "2018.04.08"]

1. d4 Nf6 2. c4 e6 3. Nc3 Bb4 4. e3 c5 5. Bd3 cxd4 6. exd4 Nc6 7. Nge2 d5 8.
O-O Bxc3 9. bxc3 dxc4 10. Bxc4 O-O 11. f4 Na5 12. Bd3 Qc7 13. Rf3 Nc4 14. Qe1
Nd5 15. f5 exf5 16. Qh4 g6 17. Nf4 Ncb6 18. Nxd5 Nxd5 19. c4 Nb4 20. Bg5 f6 21.
Bxf6 Nxd3 22. Rxd3 Qxc4 23. Re3 Be6 24. Rg3 Rxf6 25. Qxf6 Rf8 26. Qe5 Qd5 27.
Re3 Qxe5 28. Rxe5 Kf7 29. d5 Bd7 30. Rae1 Re8 31. d6 Rxe5 32. Rxe5 Be6 33. Kf2
h6 34. Ke3 Kf6 35. Kd4 Bd7 36. Re7 Bc6 37. Rh7 1-0

[Event "30. Torneo San Viator 2018"]
[Site "Madrid ESP"]
[Date "2018.04.08"]
[Round "1.4"]
[White "Gonzalez-Ruano Perez, Cesar"]
[Black "Martinez Fernandez, Raul"]
[Result "0-1"]
[WhiteElo "1833"]
[BlackElo "2176"]
[PlyCount "70"]
[EventDate "2018.04.08"]
[EventType "swiss"]
[EventRounds "9"]
[EventCountry "ESP"]
[SourceTitle "Ajedrez en Madrid"]
[Source "lmi"]
[SourceDate "2018.04.08"]

1. b3 e5 2. e3 Nf6 3. Bb2 d6 4. d4 Nbd7 5. c4 b6 6. Nf3 Qe7 7. Nc3 c6 8. d5 c5
9. Qc2 Qd8 10. h3 Be7 11. Bd3 O-O 12. O-O-O g6 13. g4 Ne8 14. Rdg1 Ng7 15. Nh2
Nb8 16. f4 f5 17. gxf5 Bxf5 18. fxe5 Bxd3 19. Qxd3 Nd7 20. e6 Ne5 21. Qe4 Nh5
22. Ng4 Nf6 23. Nxf6+ Bxf6 24. h4 Qe7 25. a4 Qg7 26. Rg3 h5 27. Nd1 Ng4 28. Qc2
Kh7 29. Rxg4 hxg4 30. h5 Bxb2+ 31. Nxb2 g3 32. hxg6+ Kg8 33. Nd3 Qa1+ 34. Qb1
Qxb1+ 35. Kxb1 g2 0-1

[Event "30. Torneo San Viator 2018"]
[Site "Madrid ESP"]
[Date "2018.04.08"]
[Round "1.5"]
[White "Ramos Del Campo, Alexander"]
[Black "Iriarte Diez, Enrique"]
[Result "0-1"]
[WhiteElo "2176"]
[BlackElo "1833"]
[PlyCount "62"]
[EventDate "2018.04.08"]
[EventType "swiss"]
[EventRounds "9"]
[EventCountry "ESP"]
[SourceTitle "Ajedrez en Madrid"]
[Source "lmi"]
[SourceDate "2018.04.08"]

1. e4 c5 2. Nf3 d6 3. Bb5+ Bd7 4. Bxd7+ Nxd7 5. O-O Ngf6 6. Qe2 e5 7. c3 Be7 8.
d4 O-O 9. Rd1 Qc7 10. dxe5 dxe5 11. Bg5 c4 12. Bxf6 Nxf6 13. Nbd2 b5 14. Nf1
Rfd8 15. Ne3 Bc5 16. Nd5 Nxd5 17. exd5 f6 18. a4 a6 19. Qe4 Bd6 20. Nd2 g6 21.
g4 Rf8 22. axb5 axb5 23. Qf3 Rxa1 24. Rxa1 f5 25. gxf5 Rxf5 26. Qg2 Qf7 27. Ne4
Qe7 28. Ra6 Bc5 29. Re6 Qa7 30. Nxc5 Qa1+ 31. Qf1 Rg5+ 0-1

[Event "30. Torneo San Viator 2018"]
[Site "Madrid ESP"]
[Date "2018.04.08"]
[Round "1.6"]
[White "Manas Molina, Angel"]
[Black "Rodriguez Melendez, Juan Humbert"]
[Result "0-1"]
[WhiteElo "1829"]
[BlackElo "2174"]
[PlyCount "74"]
[EventDate "2018.04.08"]
[EventType "swiss"]
[EventRounds "9"]
[EventCountry "ESP"]
[SourceTitle "Ajedrez en Madrid"]
[Source "lmi"]
[SourceDate "2018.04.08"]

1. e4 e5 2. Nf3 Nc6 3. Bb5 Nf6 4. d3 Bc5 5. O-O d6 6. h3 Bd7 7. c3 Bb6 8. Bg5
h6 9. Be3 O-O 10. Nbd2 Re8 11. Re1 Ne7 12. Bxd7 Qxd7 13. Nc4 Ng6 14. Nxb6 axb6
15. Qd2 Qe6 16. a3 Nh5 17. Kh2 Nhf4 18. Ng1 Qf6 19. g3 Ne6 20. Rf1 Rad8 21. f4
exf4 22. gxf4 Nc5 23. Bxc5 bxc5 24. f5 Ne5 25. Nf3 c4 26. Nxe5 Qxe5+ 27. Qf4
cxd3 28. Kg2 Qxe4+ 29. Qxe4 Rxe4 30. Rad1 Re2+ 31. Rf2 Re3 32. Rf3 Rde8 33.
Rxd3 Rxd3 34. Rxd3 Re2+ 35. Kg3 Rxb2 36. a4 Rb3 37. Re3 Kf8 0-1

[Event "30. Torneo San Viator 2018"]
[Site "Madrid ESP"]
[Date "2018.04.08"]
[Round "1.7"]
[White "Garcia Dorado, Alberto"]
[Black "Martinez Belen, Alejandro"]
[Result "1-0"]
[WhiteElo "2151"]
[BlackElo "1828"]
[PlyCount "77"]
[EventDate "2018.04.08"]
[EventType "swiss"]
[EventRounds "9"]
[EventCountry "ESP"]
[SourceTitle "Ajedrez en Madrid"]
[Source "lmi"]
[SourceDate "2018.04.08"]

1. d4 d5 2. c4 e6 3. Nf3 Nf6 4. g3 Bb4+ 5. Bd2 Be7 6. Bg2 Nbd7 7. Qc2 dxc4 8.
Qxc4 a6 9. b4 Ne4 10. O-O Nxd2 11. Nbxd2 b5 12. Qc3 Bb7 13. Rac1 Bd6 14. e4 Nb6
15. d5 O-O 16. dxe6 fxe6 17. a3 Rc8 18. Qb3 Re8 19. Bh3 Qf6 20. Rfe1 Qh6 21.
Kg2 c5 22. bxc5 Rxc5 23. Qd3 e5 24. Bf5 Qf6 25. Qe3 Qe7 26. Qb3+ Kh8 27. Rcd1
g6 28. Bg4 Bc8 29. Bxc8 Rexc8 30. Nb1 Na4 31. Ng5 Qxg5 32. Rxd6 Nc3 33. Rd7 Qf6
34. Rf7 Qc6 35. Nxc3 Rxc3 36. Qb2 Qc5 37. Qd2 Qc4 38. Qd7 Kg8 39. Rg7+ 1-0

[Event "30. Torneo San Viator 2018"]
[Site "Madrid ESP"]
[Date "2018.04.08"]
[Round "1.8"]
[White "Cano Mercado, Francisco Manuel"]
[Black "Robles Diaz, Jose Alberto"]
[Result "1-0"]
[WhiteElo "1824"]
[BlackElo "2086"]
[PlyCount "121"]
[EventDate "2018.04.08"]
[EventType "swiss"]
[EventRounds "9"]
[EventCountry "ESP"]
[SourceTitle "Ajedrez en Madrid"]
[Source "lmi"]
[SourceDate "2018.04.08"]

1. d4 Nf6 2. Bf4 e6 3. e3 c5 4. c3 Nc6 5. Nf3 Be7 6. h3 b6 7. Nbd2 O-O 8. Bd3
Bb7 9. O-O d6 10. Qe2 Rc8 11. Bh2 h6 12. Rac1 Qd7 13. Rfe1 Rc7 14. dxc5 bxc5
15. Bb5 a6 16. Ba4 Nd4 17. Bxd7 Nxe2+ 18. Rxe2 Rxd7 19. e4 e5 20. c4 a5 21. Ne1
Re8 22. Nd3 Bf8 23. f3 g6 24. Nf1 h5 25. Rd1 Ba6 26. Rc2 Rb7 27. Bg3 a4 28. Bh4
Nd7 29. Ne3 Nb6 30. b3 Bh6 31. Bf2 Bxe3 32. Bxe3 Rbb8 33. Nb2 axb3 34. axb3 Nc8
35. Rc3 Re7 36. Bg5 Reb7 37. Ra1 Rb6 38. Bd8 Rxb3 39. Rxb3 Rxb3 40. Rxa6 Rxb2
41. Ra8 Nb6 42. Bxb6+ Kg7 43. Bc7 Rd2 44. Ra6 Rd4 45. Bxd6 f6 46. Ra7+ Kg8 47.
Bxc5 Rxc4 48. Be7 Rc6 49. h4 Re6 50. Kf2 Rc6 51. Rd7 Re6 52. Bd6 Re8 53. Ke3
Ra8 54. Bc5 Rc8 55. Bb6 Rc3+ 56. Ke2 Rc2+ 57. Rd2 Rc6 58. Be3 Kf7 59. Rd7+ Ke8
60. Bh6 f5 61. Be3 1-0

[Event "30. Torneo San Viator 2018"]
[Site "Madrid ESP"]
[Date "2018.04.08"]
[Round "1.9"]
[White "Perdomo Araujo, Angel Eduardo"]
[Black "Fernandez Quintero, Jose Antonio"]
[Result "1-0"]
[WhiteElo "2084"]
[BlackElo "1813"]
[PlyCount "120"]
[EventDate "2018.04.08"]
[EventType "swiss"]
[EventRounds "9"]
[EventCountry "ESP"]
[SourceTitle "Ajedrez en Madrid"]
[Source "lmi"]
[SourceDate "2018.04.08"]

1. e4 e6 2. d4 d5 3. Nd2 dxe4 4. Nxe4 Bd7 5. Nf3 Bc6 6. Bd3 Nd7 7. O-O Ngf6 8.
Ng3 Be7 9. Bd2 O-O 10. c4 b6 11. b4 Bb7 12. Bc3 Re8 13. Qe2 Bf8 14. Ne5 Nxe5
15. dxe5 Nd7 16. Rad1 c5 17. b5 Qc7 18. f4 a6 19. a4 axb5 20. axb5 Ra3 21. Bb2
Ra7 22. Bb1 g6 23. h4 h5 24. Nxh5 gxh5 25. Qd3 Bg7 26. Qxd7 Qxd7 27. Rxd7 Rea8
28. Rfd1 Bh6 29. g3 Bf3 30. Rxa7 Rxa7 31. Rd8+ Bf8 32. Kf2 Bg4 33. Ke3 Ra4 34.
Bd3 Ra2 35. Bc3 Ra3 36. Kd2 Ra2+ 37. Kc1 Rg2 38. Be1 Be2 39. Bxe2 Rxe2 40. Bd2
Re4 41. Rb8 Rxc4+ 42. Kd1 Rd4 43. Ke2 c4 44. Bb4 Rd5 45. Bxf8 Rxb5 46. Bc5+ Kg7
47. Bd4 Rb3 48. Rxb6 Rxg3 49. Bf2 Rb3 50. Rxb3 cxb3 51. Bd4 Kg6 52. Kf3 Kf5 53.
Bb2 Kg6 54. Ke4 Kh6 55. f5 Kg7 56. Kf4 Kh6 57. Bc3 Kh7 58. fxe6 fxe6 59. Kg5
Kg7 60. Kxh5 Kh7 1-0

[Event "30. Torneo San Viator 2018"]
[Site "Madrid ESP"]
[Date "2018.04.08"]
[Round "1.10"]
[White "Jimenez Gonzalez, Marcos"]
[Black "Perez Calahorra, Ricardo"]
[Result "0-1"]
[WhiteElo "1802"]
[BlackElo "2064"]
[PlyCount "72"]
[EventDate "2018.04.08"]
[EventType "swiss"]
[EventRounds "9"]
[EventCountry "ESP"]
[SourceTitle "Ajedrez en Madrid"]
[Source "lmi"]
[SourceDate "2018.04.08"]

1. d4 d6 2. Nf3 Nf6 3. c4 g6 4. g3 Bg7 5. Bg2 O-O 6. O-O Nc6 7. Nc3 Bg4 8. h3
Bf5 9. d5 Na5 10. b4 Nxc4 11. Qb3 Nb6 12. Bb2 e5 13. Nh4 Bd7 14. e4 Bh6 15. Nf3
Nh5 16. Bc1 Bxc1 17. Raxc1 a5 18. bxa5 Rxa5 19. h4 Qa8 20. Nd2 Qa7 21. Kh2 Nf6
22. f3 Ra8 23. Bh3 Qa6 24. Bxd7 Nfxd7 25. Qb1 Na4 26. Nd1 Nac5 27. Nc3 Na4 28.
Nd1 Ndc5 29. Nf2 Rb5 30. Qa1 Nb2 31. Nb3 Nxb3 32. axb3 Qxa1 33. Rxa1 Rxa1 34.
Rxa1 Rxb3 35. Rc1 Rxf3 36. Kg2 Rxf2+ 0-1

[Event "30. Torneo San Viator 2018"]
[Site "Madrid ESP"]
[Date "2018.04.08"]
[Round "1.11"]
[White "Cervino Rossel, Cristobal"]
[Black "Muñoz Cebey, Ricardo"]
[Result "1-0"]
[WhiteElo "2063"]
[BlackElo "1793"]
[PlyCount "95"]
[EventDate "2018.04.08"]
[EventType "swiss"]
[EventRounds "9"]
[EventCountry "ESP"]
[SourceTitle "Ajedrez en Madrid"]
[Source "lmi"]
[SourceDate "2018.04.08"]

1. d4 d5 2. Nf3 Nf6 3. g3 e6 4. Bg2 Be7 5. O-O O-O 6. c4 dxc4 7. Qa4 a6 8. Qxc4
b5 9. Qc2 Bb7 10. Bd2 Be4 11. Qc1 Bb7 12. Rd1 Qc8 13. b4 Nc6 14. a3 a5 15. bxa5
Nxa5 16. Bxa5 Rxa5 17. Nbd2 Bd5 18. Qc3 Qa8 19. Ne1 Bxg2 20. Nxg2 Nd5 21. Qc2
Rxa3 22. Rxa3 Qxa3 23. Nb1 Qa4 24. Qc1 b4 25. e4 Nf6 26. Re1 Rc8 27. Qc4 Qa8
28. f3 c5 29. Rc1 Nd7 30. dxc5 Rxc5 31. Qf1 Rxc1 32. Qxc1 Qb7 33. Nf4 Ne5 34.
Qe3 Qc7 35. Qb3 Qc5+ 36. Kg2 g5 37. Ne2 Nc4 38. Qd3 Ne3+ 39. Kh3 h5 40. g4
hxg4+ 41. fxg4 Nc2 42. Ng3 Bd6 43. e5 Ne1 44. Qxd6 Qc2 45. Nd2 Nd3 46. Qd8+ Kh7
47. Qxg5 b3 48. Nge4 1-0

[Event "30. Torneo San Viator 2018"]
[Site "Madrid ESP"]
[Date "2018.04.08"]
[Round "1.12"]
[White "Mihalcea, George Andrei"]
[Black "Vaquerizo Calvo, Miguel Arturo"]
[Result "0-1"]
[WhiteElo "1791"]
[BlackElo "2035"]
[PlyCount "106"]
[EventDate "2018.04.08"]
[EventType "swiss"]
[EventRounds "9"]
[EventCountry "ESP"]
[SourceTitle "Ajedrez en Madrid"]
[Source "lmi"]
[SourceDate "2018.04.08"]

1. d4 d5 2. Nf3 Nc6 3. e3 Bg4 4. Be2 e6 5. O-O Nf6 6. b3 Bd6 7. Bb2 O-O 8. Nbd2
Ne7 9. Ne5 Bxe2 10. Qxe2 Nd7 11. f4 f6 12. Nd3 c5 13. dxc5 Nxc5 14. Nxc5 Bxc5
15. Bd4 Qb6 16. Bxc5 Qxc5 17. c4 dxc4 18. Nxc4 b5 19. Nd2 Nd5 20. Rae1 Rac8 21.
Ne4 Qb6 22. Kh1 b4 23. Qd3 Rfd8 24. Qd4 Rc2 25. Rf2 Nxe3 26. Qxb6 axb6 27. Kg1
Rxf2 28. Nxf2 Nd5 29. Rxe6 Ra8 30. g3 Rxa2 31. Ne4 Nc3 32. Nd6 Re2 33. f5 Rxe6
34. fxe6 Kf8 35. Kf2 Ke7 36. Nc4 Kxe6 37. Ke3 b5 38. Nd2 Kd5 39. Nf3 Ne4 40. g4
g6 41. h3 Ng5 42. Ng1 Ke5 43. h4 Ne6 44. Nf3+ Kd5 45. h5 gxh5 46. gxh5 f5 47.
Nh4 f4+ 48. Kd3 Nc5+ 49. Kc2 Ke4 50. h6 Ke3 51. Ng2+ Kf3 52. Nh4+ Kg4 53. Ng6
Kg5 0-1

[Event "30. Torneo San Viator 2018"]
[Site "Madrid ESP"]
[Date "2018.04.08"]
[Round "1.13"]
[White "Pajuelo Morales, Raul"]
[Black "Uceda Martinez, Jacinto"]
[Result "1/2-1/2"]
[WhiteElo "2005"]
[BlackElo "1782"]
[PlyCount "75"]
[EventDate "2018.04.08"]
[EventType "swiss"]
[EventRounds "9"]
[EventCountry "ESP"]
[SourceTitle "Ajedrez en Madrid"]
[Source "lmi"]
[SourceDate "2018.04.08"]

1. c4 f5 2. g3 Nf6 3. Bg2 e5 4. d4 Bb4+ 5. Bd2 Bxd2+ 6. Qxd2 e4 7. f3 O-O 8.
Nc3 Qe7 9. fxe4 fxe4 10. e3 d6 11. Nh3 Bxh3 12. Bxh3 Nc6 13. O-O Rad8 14. Bg2
Rfe8 15. Rf4 Qf7 16. Nxe4 Nxe4 17. Bxe4 Qxc4 18. b3 Qb4 19. Qd3 h6 20. Bd5+ Kh8
21. Raf1 Ne7 22. Bf7 Rf8 23. d5 Qb6 24. Qe4 Ng8 25. R1f3 c6 26. Qg6 Ne7 27. Qh5
Qa5 28. e4 Qe1+ 29. Rf1 Qe3+ 30. Kg2 Qd4 31. Be6 Rxf4 32. Rxf4 cxd5 33. exd5
Qd3 34. Qf7 Ng6 35. Rg4 Kh7 36. Rxg6 Qe2+ 37. Kh3 Qh5+ 38. Kg2 1/2-1/2

[Event "30. Torneo San Viator 2018"]
[Site "Madrid ESP"]
[Date "2018.04.08"]
[Round "1.14"]
[White "Sanchez Fernandez, Juan Antonio"]
[Black "Julian Serra, Rogelio"]
[Result "1/2-1/2"]
[WhiteElo "1751"]
[BlackElo "2002"]
[PlyCount "73"]
[EventDate "2018.04.08"]
[EventType "swiss"]
[EventRounds "9"]
[EventCountry "ESP"]
[SourceTitle "Ajedrez en Madrid"]
[Source "lmi"]
[SourceDate "2018.04.08"]

1. e4 d5 2. exd5 Nf6 3. c4 e6 4. dxe6 Bxe6 5. Nf3 Qe7 6. Qe2 Nc6 7. d4 O-O-O 8.
d5 Qb4+ 9. Nc3 Bg4 10. dxc6 Bc5 11. Be3 Rhe8 12. Rc1 Bxe3 13. cxb7+ Kb8 14.
fxe3 Ne4 15. a3 Qa5 16. c5 Qxc5 17. b4 Qb6 18. Nxe4 Rxe4 19. Rc5 Rxb4 20. axb4
Qxb4+ 21. Kf2 Qxc5 22. Qc4 Qh5 23. Be2 Be6 24. Qh4 Qxh4+ 25. Nxh4 Rd2 26. Rd1
Rb2 27. Re1 Kxb7 28. Nf3 c5 29. Ne5 f6 30. Nc4 Rxe2+ 31. Kxe2 Bxc4+ 32. Kd2 Kc6
33. Kc3 Bd5 34. g3 h5 35. Ra1 Kb6 36. Rb1+ Kc6 37. Ra1 1/2-1/2

[Event "30. Torneo San Viator 2018"]
[Site "Madrid ESP"]
[Date "2018.04.08"]
[Round "1.15"]
[White "Garcia Galeote, Lorenzo"]
[Black "Morales Martin, Javier"]
[Result "1/2-1/2"]
[WhiteElo "1972"]
[BlackElo "1747"]
[PlyCount "52"]
[EventDate "2018.04.08"]
[EventType "swiss"]
[EventRounds "9"]
[EventCountry "ESP"]
[SourceTitle "Ajedrez en Madrid"]
[Source "lmi"]
[SourceDate "2018.04.08"]

1. d4 Nf6 2. c4 g6 3. Nc3 Bg7 4. e4 d6 5. Nge2 c6 6. Ng3 a6 7. a4 h5 8. Be2 a5
9. h3 Na6 10. Bg5 Nb4 11. O-O h4 12. Nh1 Be6 13. Be3 Nh5 14. d5 Bd7 15. Bd4 Be5
16. f4 Bxd4+ 17. Qxd4 Rg8 18. Rac1 Qc8 19. f5 cxd5 20. cxd5 Qc5 21. Qxc5 dxc5
22. Nb5 Rc8 23. d6 b6 24. Nc7+ Kd8 25. Bc4 exd6 26. Bxf7 Kxc7 1/2-1/2

[Event "30. Torneo San Viator 2018"]
[Site "Madrid ESP"]
[Date "2018.04.08"]
[Round "1.16"]
[White "Sanchez Gomez, Emiliano"]
[Black "Unciti Juan, Javier"]
[Result "0-1"]
[WhiteElo "1742"]
[BlackElo "1970"]
[PlyCount "92"]
[EventDate "2018.04.08"]
[EventType "swiss"]
[EventRounds "9"]
[EventCountry "ESP"]
[SourceTitle "Ajedrez en Madrid"]
[Source "lmi"]
[SourceDate "2018.04.08"]

1. e4 e6 2. d4 d5 3. e5 c5 4. c3 Nc6 5. Nf3 Bd7 6. Bd3 f6 7. O-O Nh6 8. Bxh6
gxh6 9. Re1 fxe5 10. Nxe5 Nxe5 11. Rxe5 Qf6 12. Qh5+ Qf7 13. Qxf7+ Kxf7 14.
dxc5 Bxc5 15. Nd2 Bd6 16. Ree1 b5 17. Nf3 Kf6 18. Nd4 b4 19. cxb4 Bxb4 20. Rec1
Rac8 21. Nb3 e5 22. Rxc8 Rxc8 23. Rc1 Rxc1+ 24. Nxc1 e4 25. Bf1 a5 26. a3 Bd6
27. Ba6 d4 28. h3 Be6 29. Kf1 Ke5 30. Ke2 h5 31. Kd2 Bc5 32. Ke1 d3 33. Nxd3+
exd3 34. Bxd3 h6 35. h4 Bd4 36. b4 a4 37. Bc2 Bd7 38. Kd2 Bxf2 39. Bg6 Bxh4 40.
Bxh5 Bc6 41. g4 Kd4 42. Bg6 Bg5+ 43. Kc2 Bd5 44. Be8 Bb3+ 45. Kb2 Kd3 46. Bg6+
Kd2 0-1

[Event "30. Torneo San Viator 2018"]
[Site "Madrid ESP"]
[Date "2018.04.08"]
[Round "1.17"]
[White "Lobato Rivero, Carlos"]
[Black "Fernandez Rios, Jose Francisco"]
[Result "1/2-1/2"]
[WhiteElo "1968"]
[BlackElo "1741"]
[PlyCount "47"]
[EventDate "2018.04.08"]
[EventType "swiss"]
[EventRounds "9"]
[EventCountry "ESP"]
[SourceTitle "Ajedrez en Madrid"]
[Source "lmi"]
[SourceDate "2018.04.08"]

1. e4 c5 2. Nc3 g6 3. f4 Bg7 4. Nf3 Nc6 5. Bb5 Nd4 6. O-O e6 7. Be2 Ne7 8. e5
d6 9. Nxd4 cxd4 10. Bb5+ Nc6 11. Ne4 dxe5 12. fxe5 Bxe5 13. d3 O-O 14. Qf3 f5
15. Ng5 Bf6 16. Bxc6 bxc6 17. Qxc6 Bd7 18. Qd6 Be7 19. Qxd4 Rc8 20. Qh4 Bxg5
21. Bxg5 Qb6+ 22. Qf2 Rxc2 23. Qxb6 axb6 24. Rf2 1/2-1/2

[Event "30. Torneo San Viator 2018"]
[Site "Madrid ESP"]
[Date "2018.04.08"]
[Round "1.18"]
[White "Martinez Rubio, Felipe"]
[Black "Camarero Izquierdo, Juan Carlos"]
[Result "0-1"]
[WhiteElo "1728"]
[BlackElo "1946"]
[PlyCount "100"]
[EventDate "2018.04.08"]
[EventType "swiss"]
[EventRounds "9"]
[EventCountry "ESP"]
[SourceTitle "Ajedrez en Madrid"]
[Source "lmi"]
[SourceDate "2018.04.08"]

1. d4 f5 2. Nd2 d5 3. g3 Nf6 4. Bg2 e6 5. e3 Bd6 6. a3 Nbd7 7. b4 a5 8. bxa5
Rxa5 9. c4 c6 10. c5 Bc7 11. Ngf3 O-O 12. O-O e5 13. Nb3 Ra8 14. Qc2 e4 15. Ng5
Qe8 16. f4 b6 17. Bd2 Ba6 18. Rfe1 Bc4 19. cxb6 Bxb6 20. Bb4 Bxb3 21. Qxb3 c5
22. dxc5 Bxc5 23. Bxc5 Nxc5 24. Qb6 Qe7 25. Qb1 h6 26. Nh3 Nd3 27. Re2 Rxa3 28.
Rxa3 Qxa3 29. Qc2 Kh7 30. Qd2 Ng4 31. Bf1 Rc8 32. Kg2 Rc1 33. Nf2 Ngxf2 34.
Rxf2 Nxf2 35. Kxf2 Qc5 36. Be2 Rc2 37. Qd1 Qc4 38. h3 Qa2 39. g4 Rd2 40. Qe1
fxg4 41. hxg4 Qb2 42. g5 d4 43. exd4 Qxd4+ 44. Kf1 Qe3 45. Qf2 Qxf2+ 46. Kxf2
hxg5 47. fxg5 Kg6 48. Ke3 Rxe2+ 49. Kxe2 Kxg5 50. Ke3 Kf5 0-1

[Event "30. Torneo San Viator 2018"]
[Site "Madrid ESP"]
[Date "2018.04.08"]
[Round "1.19"]
[White "Torres Samper, Rafael"]
[Black "Casares Sanchez, Rodrigo"]
[Result "1-0"]
[WhiteElo "1920"]
[BlackElo "1702"]
[PlyCount "121"]
[EventDate "2018.04.08"]
[EventType "swiss"]
[EventRounds "9"]
[EventCountry "ESP"]
[SourceTitle "Ajedrez en Madrid"]
[Source "lmi"]
[SourceDate "2018.04.08"]

1. e4 e6 2. d4 d5 3. Nc3 Bb4 4. e5 c5 5. a3 Bxc3+ 6. bxc3 Ne7 7. Nf3 Qc7 8. Bd3
Nbc6 9. O-O Bd7 10. Re1 c4 11. Bf1 h6 12. a4 O-O-O 13. Ba3 Rdg8 14. Nd2 g5 15.
Bxc4 dxc4 16. Nxc4 Be8 17. Nd6+ Kd8 18. c4 Qd7 19. Rb1 Na5 20. Qf3 g4 21. Qe4
Qc6 22. d5 exd5 23. cxd5 Qxa4 24. Nxf7+ Kc8 25. Qxa4 Bxa4 26. Nxh8 Nxd5 27. Nf7
Nc4 28. Nd6+ Nxd6 29. exd6 Bc6 30. c4 Nf4 31. g3 Nh3+ 32. Kf1 Ng5 33. Re7 Nf3
34. Ke2 Re8 35. Rxe8+ Bxe8 36. Bc1 Bg6 37. d7+ Kxd7 38. Rxb7+ Kc6 39. Rxa7 Ne5
40. Ra6+ Kd7 41. Rxg6 Nxg6 42. Bxh6 Ne5 43. Ke3 Nf3 44. Ke4 Nxh2 45. Kd5 Nf3
46. c5 Kc7 47. Bf4+ Kd7 48. c6+ Kc8 49. Ke4 Ne1 50. Kf5 Nd3 51. Be3 Kd8 52.
Kxg4 Ne5+ 53. Kf5 Nxc6 54. Kf6 Ke8 55. Bc5 Nb8 56. Ba3 Nd7+ 57. Kg7 Nb6 58. f4
Nd5 59. f5 Ne3 60. f6 Nf5+ 61. Kg6 1-0

[Event "30. Torneo San Viator 2018"]
[Site "Madrid ESP"]
[Date "2018.04.08"]
[Round "1.20"]
[White "Montoya Gandia, Manuel"]
[Black "Gil Sierra, Jacinto"]
[Result "0-1"]
[WhiteElo "1639"]
[BlackElo "1897"]
[PlyCount "102"]
[EventDate "2018.04.08"]
[EventType "swiss"]
[EventRounds "9"]
[EventCountry "ESP"]
[SourceTitle "Ajedrez en Madrid"]
[Source "lmi"]
[SourceDate "2018.04.08"]

1. d4 e6 2. c4 f5 3. g3 Nf6 4. Nf3 Bb4+ 5. Nbd2 O-O 6. Bg2 Nc6 7. O-O d5 8. e3
Qe8 9. cxd5 exd5 10. a3 Bd6 11. b4 Bd7 12. Bb2 Ne7 13. Ne5 Ba4 14. Qb1 Ne4 15.
Nxe4 fxe4 16. f4 exf3 17. Bxf3 a5 18. bxa5 Rxa5 19. Bc3 Rb5 20. Qe1 Nc6 21. Nd3
Qg6 22. Nb4 Nxb4 23. axb4 Bc2 24. Be2 Bd3 25. Rxf8+ Bxf8 26. Ra8 Bxe2 27. Qxe2
Qb1+ 28. Kg2 Qe4+ 29. Kg1 Rb6 30. b5 Qb1+ 31. Kg2 Qxb5 32. Qxb5 Rxb5 33. Kf3
Kf7 34. Rc8 Bd6 35. g4 Rb3 36. Be1 Bxh2 37. Rd8 Bd6 38. Rd7+ Kg6 39. Bh4 Rb1
40. Bd8 Rf1+ 41. Kg2 Rf7 42. Rxf7 Kxf7 43. Bh4 g6 44. Kf3 b5 45. e4 dxe4+ 46.
Kxe4 c6 47. Bg5 h5 48. gxh5 gxh5 49. Kf5 Ba3 50. Bh4 b4 51. Be1 b3 0-1

[Event "30. Torneo San Viator 2018"]
[Site "Madrid ESP"]
[Date "2018.04.08"]
[Round "1.21"]
[White "Campos Tores, Jose Luis"]
[Black "Tudela Garcia, Antonio"]
[Result "1-0"]
[WhiteElo "1894"]
[BlackElo "1562"]
[PlyCount "148"]
[EventDate "2018.04.08"]
[EventType "swiss"]
[EventRounds "9"]
[EventCountry "ESP"]
[SourceTitle "Ajedrez en Madrid"]
[Source "lmi"]
[SourceDate "2018.04.08"]

1. d4 Nf6 2. c4 e6 3. Nc3 Bb4 4. e3 O-O 5. Bd3 d5 6. Nge2 dxc4 7. Bxc4 Nbd7 8.
O-O Nb6 9. Bd3 Nbd5 10. e4 Nxc3 11. bxc3 Be7 12. e5 Ne8 13. Ng3 g6 14. Bh6 Ng7
15. Qg4 f5 16. exf6 Bxf6 17. Qe4 Qd5 18. Qe2 Re8 19. Ne4 Qd8 20. Rfe1 Nf5 21.
Nxf6+ Qxf6 22. Bd2 Bd7 23. Be4 Nd6 24. Bf3 Bb5 25. Qd1 Bc4 26. Re5 c6 27. Qc2
Nf7 28. Re3 Bd5 29. Rae1 Nd6 30. Bg4 Nc4 31. R3e2 Nxd2 32. Qxd2 Bc4 33. Re3 Qg5
34. Be2 Bd5 35. Bf1 b5 36. Qc2 Rf8 37. g3 Qf6 38. f4 Qf5 39. Qxf5 exf5 40. a3
Rf7 41. Kf2 Raf8 42. h4 h5 43. Re5 Kg7 44. Bxb5 Rb8 45. Bf1 Rb2+ 46. R1e2 Rb3
47. R2e3 Rb2+ 48. Re2 Rb3 49. R2e3 Rb2+ 50. Kg1 Rb1 51. Re1 Rxe1 52. Rxe1 Be4
53. Bg2 Bxg2 54. Kxg2 Kf6 55. Kf2 Rb7 56. Re3 Rb2+ 57. Kf3 Ra2 58. c4 Rc2 59.
d5 cxd5 60. cxd5 Rd2 61. Re6+ Kf7 62. Ra6 Rxd5 63. Rxa7+ Ke6 64. a4 Rd3+ 65.
Kf2 Rd2+ 66. Ke3 Rd1 67. a5 Rd6 68. a6 Kd5 69. Ra8 Rd7 70. Rg8 Re7+ 71. Kf3 Ra7
72. Rxg6 Kc5 73. Rg5 Kb5 74. Ke3 Kc4 1-0